<?xml version="1.0" encoding="UTF-8"?>
<record
    xmlns:xsi="http://www.w3.org/2001/XMLSchema-instance"
    xsi:schemaLocation="http://www.loc.gov/MARC21/slim http://www.loc.gov/standards/marcxml/schema/MARC21slim.xsd"
    xmlns="http://www.loc.gov/MARC21/slim">

  <leader>01121    a2200157   4500</leader>
  <controlfield tag="003">NUST</controlfield>
  <controlfield tag="005">20230202121813.0</controlfield>
  <datafield tag="040" ind1=" " ind2=" ">
    <subfield code="c">Nust</subfield>
  </datafield>
  <datafield tag="082" ind1=" " ind2=" ">
    <subfield code="a">954.03,MAS</subfield>
  </datafield>
  <datafield tag="100" ind1=" " ind2=" ">
    <subfield code="a">Masani, R. P. </subfield>
    <subfield code="9">108464</subfield>
  </datafield>
  <datafield tag="245" ind1=" " ind2=" ">
    <subfield code="a">Britain In India :</subfield>
    <subfield code="b">An Account of British Rule in The Indian Subcontinent /</subfield>
    <subfield code="c">R.P. Mashani</subfield>
  </datafield>
  <datafield tag="260" ind1=" " ind2=" ">
    <subfield code="a">London</subfield>
    <subfield code="b">Oxford universty press</subfield>
    <subfield code="c">1960</subfield>
  </datafield>
  <datafield tag="300" ind1=" " ind2=" ">
    <subfield code="a">xi:278 p.;</subfield>
  </datafield>
  <datafield tag="505" ind1=" " ind2=" ">
    <subfield code="a">The Lure of India (Page-1), Dream of an Empire (Page-7), The Vision of a Self &#x2013; Governing India (Page-15), The Empire at Its Zenith (Page-29), The Scepter Passes to the Crown (Page-40), The Growth of India Nationalism (Page-52), Liberalizing The Administrative Machinery (Page-68), An Era of Reforms (Page-76), A hero&#x2019;s Home &#x2013; Coming (Page-96), The Doctrine of Non-Violence (Page-106), From Diarchy to anarchy (Page-118), The Round Table Conference and After (Page-130), Rebels in Office (Page-153), a Frustrated Mission (Page-179), Quit India (Page-189), Toward Co- Operation (Page-206), Britain Ready (Page-229), The Congress Submits to Partition (Page-247), Exit Britain (Page-263). </subfield>
  </datafield>
  <datafield tag="942" ind1=" " ind2=" ">
    <subfield code="2">ddc</subfield>
    <subfield code="c">BK</subfield>
    <subfield code="k">954.03,MAS</subfield>
  </datafield>
  <datafield tag="999" ind1=" " ind2=" ">
    <subfield code="c">194004</subfield>
    <subfield code="d">194004</subfield>
  </datafield>
  <datafield tag="952" ind1=" " ind2=" ">
    <subfield code="0">0</subfield>
    <subfield code="1">0</subfield>
    <subfield code="2">ddc</subfield>
    <subfield code="4">0</subfield>
    <subfield code="7">0</subfield>
    <subfield code="a">MCS</subfield>
    <subfield code="b">MCS</subfield>
    <subfield code="c">GEN</subfield>
    <subfield code="d">2016-12-12</subfield>
    <subfield code="o">954.03,MAS</subfield>
    <subfield code="p">MCS29139</subfield>
    <subfield code="r">2016-12-08</subfield>
    <subfield code="w">2016-12-12</subfield>
    <subfield code="y">BK</subfield>
    <subfield code="z">Almirah No.61, Shelf No.4</subfield>
  </datafield>
</record>
